Rozpoznaj języki europejskie cz. 2 - Statystyki

Ogólne statystyki
  • Ten quiz został rozwiązany 32 razy
  • Średni wynik to 11 z 13
Statystyki odpowiedzi
Hint Odpowiedź % Poprawnych
Back when I was in elementary school, there was this guy named Paweł, and I was riding my bike when I met him angielski
97%
Jeszcze gdy chodziłem do podstawówki, to był tam taki Paweł, i ja jechałem na rowerze, i go spotkałem polski
97%
Ještě když jsem chodil na základní školu, byl tam jeden kluk jménem Paweł, a já jel na kole a potkal jsem ho czeski
93%
Als ich noch in der Grundschule war, gab es dort einen Jungen namens Paweł, und als ich mit dem Fahrrad unterwegs war, bin ich ihm begegnet niemiecki
93%
Еще когда я учился в начальной школе, там был один Павел, и я ехал на велосипеде и встретил его
(Jeszcze kogda ja ucziłsia w naczalnoj szkole, tam był odin Pawieł, i ja jechał na wiełosipiedie i wstrietił jego)
rosyjski
93%
Quand j'étais encore à l'école primaire, il y avait un certain Paweł là-bas, et comme je passais à vélo, je l'ai croisé francuski
86%
Όταν ακόμα πήγαινα στο δημοτικό, υπήρχε εκεί ένας Πάβελ, και καθώς πήγαινα με το ποδήλατο, τον συνάντησα
(Otan akoma pijena sto dimotiko, ipirche ekii enas Pawel, kie katos pijena me to podilato, ton sinan)
grecki
86%
Kun kävin vielä ala-astetta, siellä oli eräs Paweł, ja kun olin menossa pyörällä, törmäsin häneen fiński
83%
Da jeg gikk på barneskolen, var det en gutt der som het Paweł, og jeg syklet forbi og møtte ham norweski
83%
Cuando aún iba al colegio, había allí un chico llamado Paweł, y yo iba en bicicleta y me lo encontré hiszpański
79%
Quando ancora andavo alle elementari, c'era un ragazzo di nome Paweł, e mentre andavo in bicicletta l'ho incontrato włoski
66%
Toen ik nog op de basisschool zat, was er daar zo’n jongen, Paweł, en ik fietste langs en kwam hem tegen niderlandzki
52%
Kur isha ende në shkollën fillore, kishte një djalë të quajtur Paweł, dhe po ngisja biçikletën kur u përplasa me të. albański
48%
Nie znaleziono quizów pasujących do podanych kryteriów
Rozkład punktacji
Procent ludzi z każdym wynikiem
Percentyl według liczby udzielonych odpowiedzi
Twoja historia wyników
Nie rozwiązałeś tego quizu